| 000 | 01271cam a22003011a 4500 | ||
|---|---|---|---|
| 001 | 23161 | ||
| 003 | BD-RjUL | ||
| 005 | 20211209000910.0 | ||
| 008 | 140310s1956 nyu 000 0 eng d | ||
| 035 | _a(BD-RjUL)23226 | ||
| 035 | _a(OCoLC)307445 | ||
| 040 |
_aDLC _cGACCLC _dOCoLC _dOCoC-L _dDLC _dBD-RjUL _beng |
||
| 041 | 1 | _aengger | |
| 082 | 0 | 0 |
_a901 _bHEP 1956 |
| 100 | 1 |
_aHegel, Georg Wilhelm Friedrich, _d1770-1831. _951347 |
|
| 245 | 1 | 4 |
_aThe philosophy of history / _cGeorg Wilhelm Friedrich Hegel ; prefaces by Charles Hegel and the translator, J. Sibree ; a new introduction by C.J. Friedrich. |
| 260 |
_aNew York : _bDover Publications, _c1956. |
||
| 300 |
_axvi, 457 p. ; _c21 cm. |
||
| 500 | _a"An unabridged and unaltered republication of the last revision of the translation by J. Sibree, published by the Colonial Press in 1899"--T.p. verso. | ||
| 500 | _aTranslation of: Vorlesungen über die Philosophie der Geschichte. | ||
| 650 | 0 |
_aHistory _xPhilosophy. _971399 |
|
| 700 | 1 |
_aSibree, J. _q(John) _971400 |
|
| 856 | 4 | 2 |
_3Publisher description _uhttp://www.loc.gov/catdir/description/dover032/57000401.html |
| 942 |
_2ddc _cBK |
||
| 999 |
_c23161 _d23161 |
||